'N' Books by Cover Quiz Stats

 Plays Quiz Updated May 18, 2016

Also try: 'M' Books by Cover
Challenge
Share
Tweet
Score 0/15 Timer 05:00
6 Plays Today
Book % Correct
New Moon
68%
Nineteen Eighty-Four
67.3%
Night
58.9%
The Notebook
53.4%
Northanger Abbey
46.7%
Nicholas Nickleby
44.7%
Naked Lunch
37%
The Name of the Rose
36.8%
Book % Correct
Number the Stars
34%
No Country for Old Men
32.1%
Never Let Me Go
26.9%
The Nanny Diaries
25.1%
The Neverending Story
19.7%
Nine Stories
19.4%
The Nose Book
12.8%

You're not logged in!

Compare scores with friends on all Sporcle quizzes.
Join for Free
OR
Log In

You Might Also Like...

Show Comments

Extras

Top Quizzes Today


Score Distribution

Your Account Isn't Verified!

In order to create a playlist on Sporcle, you need to verify the email address you used during registration. Go to your Sporcle Settings to finish the process.

Report this User

Report this user for behavior that violates our Community Guidelines.

Details: